Normal view MARC view

Entry Nombre personal

Number of records used in: 1

001 - NÚMERO DE CONTROL

  • campo de control: 884

003 - IDENTIFICADOR DE NÚMERO DE CONTROL

  • campo de control: DLC

005 - FECHA Y HORA DE LA ÚLTIMA TRANSACCIÓN

  • campo de control: 20260313093656.0

008 - ELEMENTOS DE DATO DE LONGITUD-FIJA

  • campo de control de longitud fija: 030115n| azannaabn |a aaa c

010 ## - NÚMERO DE CONTROL DE LA BIBLIOTECA DEL CONGRESO

  • Número de control de LC: nr2003001344

035 ## - NÚMERO DE CONTROL DEL SISTEMA

  • Número de control de sistema: (OCoLC)oca05971138

040 ## - FUENTE DE CATALOGACIÓN

  • Centro catalogador/agencia de origen: NNU
  • Lengua de catalogación: eng
  • Normas de descripción: rda
  • Centro/agencia transcriptor: NNU
  • Centro/agencia modificador: ICU
  • Centro/agencia modificador: OCoLC

046 ## - FECHAS CON CODIFICACIÓN ESPECIAL

  • Fecha de nacimiento: 1864
  • Fecha de la muerte: 1938

100 1# - ENCABEZAMIENTO-NOMBRE DE PERSONA

  • Nombre de persona: Dabbene, Roberto

370 ## - LUGAR ASOCIADO

  • Lugar de nacimiento: Turin (Italy)
  • Lugar de residencia/sede: Buenos Aires (Argentina)
  • Fuente del término: naf

372 ## - CAMPO DE ACTIVIDAD

  • Campo de actividad: Ornithology
  • Fuente del término: lcsh

374 ## - OCUPACIÓN

  • Ocupación: Ornithologists
  • Fuente del término: lcsh

400 1# - TRAZADO DE VÉASE--NOMBRE DE PERSONA

  • Nombre de persona: Dabbene R.
  • Forma completa/desarrollada del nombre: (Roberto)

670 ## - FUENTE DE DATOS ENCONTRADOS

  • Cita de la fuente: Ornitologia Argentina, 1910:
  • Información encontrada: t.p. (Roberto Dabbene, doctor en ciencias naturales, conservador de las colecciones de Zoologia en el Museo Nacional de Buenos Aires)

670 ## - FUENTE DE DATOS ENCONTRADOS

  • Cita de la fuente: Un viaje a la Tierra del Fuego, 2009:
  • Información encontrada: p. 3 of cover (b. 1864, Turin, Italy; d. 1938, Buenos Aires)

670 ## - FUENTE DE DATOS ENCONTRADOS

  • Cita de la fuente: OCLC, March 3, 2015
  • Información encontrada: (access points: Dabbene, Roberto; Dabbene, R.; usage: Roberto Dabbene; R. Dabbene)

670 ## - FUENTE DE DATOS ENCONTRADOS

  • Cita de la fuente: Wikipedia, March 3, 2015
  • Información encontrada: (Roberto Dabbene; born 1864, in Turin; died 1938; was an Italian-Argentine ornithologist; moved to Argentina in 1887. After teaching chemistry at the Universidad Nacional de Córdoba, he moved to Buenos Aires in 1890 to work in at the city zoo. He studied the Argentine birds for over 40 years, writing many of the most important books on the subject)